Derechos fundamentales / (Registro nro. 15394)
[ vista simple ]
| 000 -LEADER | |
|---|---|
| fixed length control field | 01242cam a2200229 a 4500 |
| 003 - CONTROL NUMBER IDENTIFIER | |
| control field | OSt |
| 005 - DATE AND TIME OF LATEST TRANSACTION | |
| control field | 20210316121025.0 |
| 008 - FIXED-LENGTH DATA ELEMENTS--GENERAL INFORMATION | |
| fixed length control field | 971211s19920000ck gr 0 spa d |
| 020 ## - INTERNATIONAL STANDARD BOOK NUMBER | |
| International Standard Book Number | 9589613748 |
| 040 ## - CATALOGING SOURCE | |
| Original cataloging agency | CO-BoPUJ |
| Transcribing agency | CO-JMCR |
| 041 0# - LANGUAGE CODE | |
| Language code of text/sound track or separate title | spa |
| 082 04 - DEWEY DECIMAL CLASSIFICATION NUMBER | |
| Classification number | 342.861085 / |
| Item number | M257d |
| Edition number | 23 |
| 100 1# - MAIN ENTRY--PERSONAL NAME | |
| Personal name | Madrid - Malo Garizabal, Mario |
| Relator term | autor |
| 9 (RLIN) | 10219 |
| 245 10 - TITLE STATEMENT | |
| Title | Derechos fundamentales / |
| Statement of responsibility, etc. | Mario Madrid-Malo Garizabal |
| 260 ## - PUBLICATION, DISTRIBUTION, ETC. | |
| Place of publication, distribution, etc. | Bogotá : |
| Name of publisher, distributor, etc. | Escuela Superior de Administración Pública, |
| Date of publication, distribution, etc. | 1992 |
| 300 ## - PHYSICAL DESCRIPTION | |
| Extent | 408 páginas ; |
| Dimensions | 24 cm. |
| 504 ## - BIBLIOGRAPHY, ETC. NOTE | |
| Bibliography, etc. note | Bibliografía : páginas 367-377 y índice. |
| 505 0# - FORMATTED CONTENTS NOTE | |
| Formatted contents note | Los derechos humanos en la nueva constitución -- Derecho a la vida -- Derecho a la igualdad -- Derecho a la libertad individual -- Derecho al matrimonio -- Derecho al debido proceso -- Derecho a las libertades de opinión y comunicación -- Derecho a la intimidad, al buen nombre y a la honra -- Derecho a las libertades de conciencia y de religión -- Derecho a las libertades de reunión y asociación -- Derecho al trabajo -- Derecho a la propiedad -- Derecho a la participación política -- Derecho a la paz -- |
| 650 24 - SUBJECT ADDED ENTRY--TOPICAL TERM | |
| Topical term or geographic name entry element | Derechos civiles |
| Geographic subdivision | Colombia |
| 9 (RLIN) | 8251 |
| 650 24 - SUBJECT ADDED ENTRY--TOPICAL TERM | |
| Topical term or geographic name entry element | Derechos fundamentales |
| 9 (RLIN) | 2665 |
| 942 ## - ADDED ENTRY ELEMENTS (KOHA) | |
| Source of classification or shelving scheme | Dewey Decimal Classification |
| Koha item type | Books |
| Withdrawn status | Lost status | Source of classification or shelving scheme | Damaged status | Not for loan | Home library | Current library | Shelving location | Date acquired | Source of acquisition | Total Checkouts | Full call number | Barcode | Date last seen | Copy number | Price effective from | Koha item type |
|---|---|---|---|---|---|---|---|---|---|---|---|---|---|---|---|---|
| Dewey Decimal Classification | Biblioteca Pública José María del Castillo y Rada | Biblioteca Pública José María del Castillo y Rada | General Stacks | Donación | 342.861085 / M257d | 201810886 | 05/16/2024 | Ej.1 | Books |